| 000 | 02615cam a22004578i 4500 | ||
|---|---|---|---|
| 001 | 1948 | ||
| 003 | OCoLC | ||
| 005 | 20260413162019.0 | ||
| 007 | ta | ||
| 008 | 250730s2026 enk e 000 1 eng | ||
| 010 | _a 2025028576 | ||
| 040 |
_aDLC _beng _erda _cDLC _dOCLCO _dLIV _dIG# _dZGW _dZGR _dRNL _dIMT _dMLSOD _dZGR _dOCLCO _dVPW |
||
| 020 |
_a9780593979976 _q(hardcover _qacid-free paper) : _c$28.00 |
||
| 020 |
_a0593979974 _q(hardcover _qacid-free paper) |
||
| 020 |
_z9780593979983 _q(ebook) |
||
| 035 | _a(OCoLC)1530055225 | ||
| 042 | _apcc | ||
| 050 | 0 | 0 |
_aPS3602.R725 _bU69 2026 |
| 082 | 0 | 4 |
_a[Fic] _223 |
| 082 | 0 | 4 |
_a813/.6 _223/eng/20260331 |
| 092 |
_aFic _bBrown |
||
| 049 | _aVPW1 | ||
| 100 | 1 |
_aBrown, Woody, _eauthor. |
|
| 245 | 1 | 0 |
_aUpward bound : _ba novel / _cWoody Brown. |
| 250 | _aFirst edition. | ||
| 264 | 1 |
_aLondon ; _aNew York : _bHogarth, _c[2026] |
|
| 300 |
_a189 pages ; _c22 cm |
||
| 334 |
_asingle unit _bmono _0http://id.loc.gov/vocabulary/issuance/mono |
||
| 336 |
_atext _btxt _2rdacontent _0http://id.loc.gov/vocabulary/contentTypes/txt |
||
| 337 |
_aunmediated _bn _2rdamedia _0http://id.loc.gov/vocabulary/mediaTypes/n |
||
| 338 |
_avolume _bnc _2rdacarrier _0http://id.loc.gov/vocabulary/carriers/nc |
||
| 500 | _a"Read with Jenna"--Cover. | ||
| 520 |
_a"Upward Bound is not a place anyone dreams of spending their days. The dreary adult daycare center for Los Angeles's disabled community is, for many of its clients and staff, a place of last resort. This includes Carlos, a young aide who lost his mother as a boy and now works there alongside his beloved sister Delia; Jorge, the gentle nonverbal giant whom Carlos seeks to befriend (and prevent from escaping); Tom, a beautiful young man with cerebral palsy, who pines for Ann, the summer lifeguard at the center's pool who feels out of her depth; then there's Mike, Upward Bound's director who came to L.A. to pursue an acting career but now channels his passion into staging an impressive holiday show starring the center's sorely underestimated clients. Framing these interlocking narratives--and connecting them in surprising, shattering ways--is the riveting and sometimes ironic testimony of Walter, a recent community college graduate who, after a family tragedy, must return to the company of his disabled peers"-- _cProvided by publisher. |
||
| 650 | 0 |
_aPeople with disabilities _vFiction. |
|
| 650 | 0 |
_aAdult day care centers _vFiction. |
|
| 650 | 0 |
_aInterpersonal relations _vFiction. |
|
| 655 | 7 |
_aPsychological fiction. _2lcgft |
|
| 655 | 7 |
_aFiction. _2lcgft |
|
| 655 | 7 |
_aNovels. _2lcgft |
|
| 910 | _an26/4 cr | ||
| 999 |
_c1948 _d1948 |
||